Los símbolos del Apocalipsis.
محفوظ في:
| المؤلف الرئيسي: | |
|---|---|
| التنسيق: | غير معروف |
| اللغة: | الإنجليزية |
| منشور في: |
Estella, Navarra, España:
Editorial Verbo Divino,
2013.
|
| الطبعة: | Primera edición. |
| سلاسل: | Qué se sabe de...,
|
| الموضوعات: | |
| الوسوم: |
إضافة وسم
لا توجد وسوم, كن أول من يضع وسما على هذه التسجيلة!
|
MARC
| LEADER | 00000 a2200000 4500 | ||
|---|---|---|---|
| 003 | CL-VaPUC | ||
| 005 | 20241118155823.0 | ||
| 008 | 241107t ||||| |||| 00| 0 eng d | ||
| 999 | |c 445358 |d 445356 | ||
| 020 | |a 9788499453156 | ||
| 040 | |c Pontificia Universidad Católica de Valparaíso | ||
| 082 | |a 228.06 ROJ 2013 | ||
| 100 | |a Rojas Gálvez, Ignacio |9 892934 |e autor | ||
| 245 | |a Los símbolos del Apocalipsis. | ||
| 250 | |a Primera edición. | ||
| 260 | |a Estella, Navarra, España: |b Editorial Verbo Divino, |c 2013. | ||
| 300 | |a 244 páginas. | ||
| 440 | |9 893364 |a Qué se sabe de..., |n 8. | ||
| 583 | |k Gabriela Rodríguez Cuevas |c 20241107 | ||
| 650 | 0 | |9 314500 |a Apocalipsis (Revelación) |x Critica e interpretación |x Nuevo Testamento | |
| 650 | 0 | |9 267046 |a Simbolismo |x Biblia | |
| 942 | |2 ddc |c BK | ||
| 952 | |0 0 |1 0 |2 ddc |4 0 |6 228_060000000000000_ROJ_2013 |7 0 |8 A |9 597830 |a BIBTEO |b BIBTEO |d 2024-11-07 |e 8 |g 17150.00 |i 5663123 |l 1 |m 1 |o 228.06 ROJ 2013 |p 5663123 |r 2025-03-19 |s 2024-12-18 |t 1 |v 17150.00 |w 2024-11-07 |y BK |k ICR | ||